[Event "FRA-ch Blitz Online Qual"]
[Site "Europe Echecs INT"]
[Date "2020.05.16"]
[Round "6"]
[White "Dimey, Cyrille"]
[Black "Inventar, Alexandre"]
[Result "0-1"]
[WhiteElo "1871"]
[BlackElo "1437"]
[PlyCount "116"]
[EventDate "2020.05.16"]
[EventType "swiss (blitz)"]
[EventRounds "15"]
[EventCountry "FRA"]
[SourceTitle "CBM 196 Extra"]
[Source "ChessBase"]
[SourceDate "2020.07.31"]
[SourceVersion "1"]
[SourceVersionDate "2020.07.31"]
[SourceQuality "1"]

1. d4 d6 2. c4 Nd7 3. Nf3 e5 4. d5 Ngf6 5. Nc3 Be7 6. e4 c6 7. Bd3 h6 8. h3 Nc5 9. Be3 Nxd3+ 10. Qxd3 Qc7 11. Rc1 Bd7 12. 0-0 0-0 13. b4 Rfc8 14. Rfd1 Nh5 15. c5 cxd5 16. exd5 Nf4 17. Bxf4 exf4 18. Ne4 Bf5 19. cxd6 Qxc1 20. Rxc1 Rxc1+ 21. Kh2 Bxd6 22. Qd2 Bxe4 23. Qxc1 Rd8 24. Qc4 Bf5 25. Nh4 Bh7 26. g3 g5 27. Ng2 f3 28. Ne3 Re8 29. Qb5 Re7 30. a4 Kg7 31. Qc4 Be4 32. Qc3+ f6 33. b5 b6 34. Qc6 Bc5 35. Qa8 Bxe3 36. fxe3 Re5 37. Qxa7+ Kg6 38. Qxb6 Rxd5 39. Kg1 Rf5 40. Kf2 Rd5 41. Qb8 Rd2+ 42. Kf1 Bd3+ 43. Ke1 Re2+ 44. Kd1 f2 45. Qg8+ Kf5 46. Qh7+ Ke6 47. Qg8+ Kf5 48. Qc8+ Ke5 49. Qe8+ Kd5 50. Qf7+ Kc5 51. Qxf6 Ra2 52. Qe5+ Kb6 53. Qb8+ Ka5 54. Qa7+ Kb4 55. Qd4+ Bc4 56. Qd6+ Kxa4 57. Qf6 f1Q+ 58. Qxf1 Bxf1 0-1

[Event "FRA-ch Blitz Online Qual"]
[Site "Europe Echecs INT"]
[Date "2020.05.16"]
[Round "14"]
[White "Inventar, Alexandre"]
[Black "Ogier, Daniil"]
[Result "1-0"]
[WhiteElo "1437"]
[BlackElo "1059"]
[PlyCount "109"]
[EventDate "2020.05.16"]
[EventType "swiss (blitz)"]
[EventRounds "15"]
[EventCountry "FRA"]
[SourceTitle "CBM 196 Extra"]
[Source "ChessBase"]
[SourceDate "2020.07.31"]
[SourceVersion "1"]
[SourceVersionDate "2020.07.31"]
[SourceQuality "1"]

1. e4 c5 2. Nf3 Nc6 3. d4 cxd4 4. Nxd4 Nf6 5. Nc3 e5 6. Nf3 Bb4 7. Bd3 Nxe4 8. Bxe4 f5 9. Bxf5 d5 10. 0-0 Bxf5 11. Nxd5 Bc5 12. Ne3 0-0 13. c3 Rc8 14. Qb3+ Kh8 15. Qxb7 Na5 16. Qd5 Bxe3 17. Qxd8 Bxc1 18. Qxf8+ Rxf8 19. Raxc1 Re8 20. Rfe1 e4 21. Nd4 Bg4 22. b3 Nb7 23. Re3 Nd6 24. Rce1 Nf5 25. Nxf5 Bxf5 26. f3 h6 27. fxe4 Bg4 28. e5 Kg8 29. Kf2 Kf7 30. Kg3 Bc8 31. Rf1+ Ke6 32. Rf4 Kd5 33. Rd4+ Kc6 34. Kf4 g5+ 35. Kg3 h5 36. h4 Rg8 37. e6 gxh4+ 38. Kxh4 Rxg2 39. e7 Rg8 40. e8Q+ Rxe8 41. Rxe8 Kc7 42. Rxc8+ Kxc8 43. Kxh5 Kc7 44. Kg5 Kc6 45. Kf5 Kb5 46. Ke5 Kc5 47. Rb4 a5 48. Ra4 Kb5 49. Kd5 Kb6 50. c4 Ka6 51. Kc5 Kb7 52. Rxa5 Kc7 53. Ra6 Kb8 54. Kc6 Kc8 55. Ra8# 1-0

[Event "FRA-ch Blitz Online Qual"]
[Site "Europe Echecs INT"]
[Date "2020.05.16"]
[Round "11"]
[White "Kvashyna, Tetyana"]
[Black "Inventar, Alexandre"]
[Result "0-1"]
[WhiteElo "1764"]
[BlackElo "1437"]
[PlyCount "142"]
[EventDate "2020.05.16"]
[EventType "swiss (blitz)"]
[EventRounds "15"]
[EventCountry "FRA"]
[SourceTitle "CBM 196 Extra"]
[Source "ChessBase"]
[SourceDate "2020.07.31"]
[SourceVersion "1"]
[SourceVersionDate "2020.07.31"]
[SourceQuality "1"]

1. d4 d6 2. Nf3 Nd7 3. e3 e5 4. dxe5 dxe5 5. e4 Ngf6 6. Bd3 h6 7. Nc3 Bd6 8. 0-0 c6 9. Be3 0-0 10. a3 Qc7 11. b4 c5 12. Nb5 Qc6 13. Nxd6 Qxd6 14. bxc5 Nxc5 15. Re1 Ncxe4 16. Bxe4 Nxe4 17. Qc1 Qf6 18. Bxh6 Qxh6 19. Qxh6 gxh6 20. Rxe4 f6 21. Rh4 Kh7 22. h3 Bf5 23. Rc1 Rac8 24. c4 Rc5 25. Nd2 Rd8 26. Nb3 Rc6 27. Na5 Rb6 28. c5 Rb5 29. Ra4 Rc8 30. c6 bxc6 31. Rxc6 Rd8 32. Rxf6 Bc2 33. Nb3 Bxb3 34. Rxa7+ Kg8 35. Rxh6 Bc2 36. a4 Rbd5 37. Kh2 R5d7 38. Ra5 Rd5 39. Ra7 R8d7 40. Ra8+ Kg7 41. Rah8 Ra5 42. Rh4 Kf6 43. R8h6+ Ke7 44. g4 Rxa4 45. Kg3 Rd3+ 46. f3 Bd1 47. Rh7+ Kd6 48. R4h6+ Kc5 49. Rc7+ Kb4 50. Rb6+ Ka3 51. Rb1 Bxf3 52. Kh4 Bd5 53. Rc5 Bg2 54. Rcb5 Rxh3+ 55. Kg5 Bd5 56. Ra1+ Ba2 57. Rxe5 Rb3 58. Re2 Rb2 59. Re3+ Kb4 60. Re4+ Ka5 61. Re5+ Rb5 62. Rxb5+ Kxb5 63. Kh6 Bb3 64. g5 Rxa1 65. g6 Rg1 66. g7 Kc6 67. Kh7 Kd7 68. Kh8 Ke7 69. g8Q Rxg8+ 70. Kh7 Kf6 71. Kh6 Rh8# 0-1